[Event "Cali Loyola Cup 13th"]
[Site "Cali"]
[Date "2011.08.25"]
[Round "1.17"]
[White "Escobar, Oscar"]
[Black "Romero Salinas, Victor Andres"]
[Result "1-0"]
[WhiteElo "1600"]
[BlackElo "1568"]
[PlyCount "65"]
[EventDate "2011.08.25"]
[EventType "swiss"]
[EventRounds "7"]
[EventCountry "COL"]
[SourceTitle "EXT 2024"]
[Source "ChessBase"]
[SourceDate "2023.10.10"]
[SourceVersion "1"]
[SourceVersionDate "2023.10.10"]
[SourceQuality "1"]

1. d4 d5 2. Nf3 Nc6 3. Bf4 Bg4 4. e3 e6 5. Nbd2 Bd6 6. Bg3 Bxg3 7. hxg3 Qd7 8. Be2 Nge7 9. c3 f5 10. Ne5 Nxe5 11. dxe5 h5 12. f3 Nc6 13. Bb5 a6 14. Bxc6 Qxc6 15. fxg4 fxg4 16. Qc2 0-0-0 17. 0-0-0 Rdg8 18. Nb3 g6 19. Nd4 Qb6 20. Qa4 Rf8 21. Rdf1 Rhg8 22. Rf6 Re8 23. Rf7 Kb8 24. Rhf1 Qa7 25. Kb1 b5 26. Qa5 Qb6 27. Nb3 Rc8 28. Nc5 Qa7 29. Nxa6+ Ka8 30. Nxc7+ Kb8 31. Qxb5+ Qb7 32. Na6+ Ka7 33. Qxb7# 1-0